A gamble that backfired (Record no. 75934)

MARC details
000 -LEADER
fixed length control field 01117cab a2200193 4500
001 - CONTROL NUMBER
control field L131062
008 - FIXED-LENGTH DATA ELEMENTS--GENERAL INFORMATION
fixed length control field 050923n2005 000 0 eng u
035 ## - SYSTEM CONTROL NUMBER
System control number (Sirsi) u131062
041 0# - LANGUAGE CODE
Language code of text/sound track or separate title eng
100 1# - MAIN ENTRY--PERSONAL NAME
Personal name Murdoch, Sandi
245 #2 - TITLE STATEMENT
Title A gamble that backfired
260 ## - PUBLICATION, DISTRIBUTION, ETC.
Date of publication, distribution, etc. 2005
490 ## - SERIES STATEMENT
Series statement Estates Gazette
Volume/sequential designation (0537) 17 September 2005, 147(1)
520 ## - SUMMARY, ETC.
Summary, etc. Discusses "Crestfort Ltd v Tesco Stores Ltd" ([2005] EWHC 805 (Ch), L130057). Tenants seeking to offload surplus properties which prove to be unmarketable on current terms can opt to sublet on the best available terms. It is common however for leases to allow subletting only on the existing basis and often at the same rent and attempts to sidestep such conditions are usually unsuccessful. In "Crestfort" the sublease was deemed to have been illegally granted and the court ordered its surrender and awarded damages.
590 ## - LOCAL NOTE (RLIN)
Local note IKA270905
650 ## - SUBJECT ADDED ENTRY--TOPICAL TERM
Topical term or geographic name entry element CRESFORT LTD V TESCO STORES LTD
690 ## - LOCAL SUBJECT ADDED ENTRY--TOPICAL TERM (OCLC, RLIN)
Topical term or geographic name as entry element PROPERTY-COMMERCIAL PROPERTY-LEASEHOLD COMMERCIAL PROPERTY-COMMERCIAL LANDLORD AND TENANT-COMMERCIAL LEASES-BREACHING COMMERCIAL LEASES
942 ## - ADDED ENTRY ELEMENTS (KOHA)
Suppress in OPAC 0
Holdings
Withdrawn status Lost status Source of classification or shelving scheme Damaged status Not for loan Home library Current library Shelving location Date acquired Total Checkouts Full call number Barcode Date last seen Copy number Price effective from Koha item type
    Dewey Decimal Classification     London London Journal article 23/09/2005   L131062 131062-1001 06/08/2019 1 06/08/2019 Journal article